000 00769nam a2200265Ia 4500
003 OSt
005 20220923223412.0
006 a|||||r|||| 00| 0
007 ta
008 220922b |||||||| |||| 00| 0 hin d
020 _c15
024 _a214,855
037 _cTextual
040 _aARTS
_cARTS
_bhin
041 _2hin
_ahin
082 _aO152,3N104,HU, L6
100 _aरांगेय राघव
245 0 _aहुजूर
246 _aHujūra
260 _aदिल्ली
_b राजपाल एण्ड संस
_c1976
300 _a96 i`-
_ccm.
650 _aहिन्दी साहित्य
_9156264
942 _hO152,3N104,HU, L6
_cTEXL
_2CC
999 _c364769
_d364769